000 00668nam a22002297a 4500
003 LNDL
005 20260119104908.0
008 LNDL
020 _a3540244611
040 _aLNDL
_cLNDL
041 _aeng
100 _aHelbig ,Hermann
_9856023
245 _aKnowledge Representation and the Semantics of Natural Language
260 _aNew York
_bSpringer
_c2006
300 _a646 p.
650 _aKnowledge Representation with Multi Net
_9856024
650 _aSemantic Characterization of Objects
_9856025
650 _aSemantic Characterization of Situations
_9856026
700 _aHelbig , Hermann
_9856027
942 _2CC
_cGB
_n0
999 _c1466244
_d1466244